Countries with the Most Autistic People - Statistics

General Stats
  • This quiz has been taken 167 times
  • The average score is 14 of 20
Answer Stats
Population (2024) Country % Correct
1,978,964 United States
96%
4,985,784 China
94%
4,046,199 India
92%
470,592 United Kingdom
89%
281,641 France
88%
446,061 Germany
87%
541,938 Russia
83%
749,431 Japan
82%
462,735 Mexico
81%
311,271 Italy
74%
847,527 Nigeria
68%
703,321 Pakistan
65%
296,910 Egypt
63%
772,757 Indonesia
63%
310,410 Iran
55%
468,932 Bangladesh
52%
298,844 Vietnam
48%
349,249 D. R. Congo
46%
363,296 Philippines
43%
439,965 Ethiopia
41%
No matching quizzes found
Score Distribution
Percent of People with Each Score
Percentile by Number Answered
Your Score History
You have not taken this quiz